Geografía : espacios del mundo /

Guardado en:
Autor Principal: Piccolini, Patricia
Formato: Libro
Publicado: Buenos Aires : Estrada, 2008
Series:Confluencias
Materias:
Etiquetas: Agregar Etiqueta
Sin Etiquetas, Sea el primero en etiquetar este registro!
LEADER 00953nam a22002535a 4500
001 CEM.cems012888
005 20080603103403.0
008 130507s2008##################000#0#####d
003 CEMS
020 |a 9789500111553 
082 0 4 |a 330.9 
100 1 |a Piccolini, Patricia 
245 1 0 |a Geografía :  |b espacios del mundo /  |c Coordinado Por Patricia Piccolini y Victoria Migliori 
260 |a Buenos Aires :  |b Estrada,  |c 2008 
300 |a 176 p. 
490 0 |a Confluencias 
500 |a Para Educación Secundaria Básica 
505 0 |a Un lugar en el mundo -- Los mapas políticos -- El clima -- El relieve, las aguas, el suelo -- Los biomas -- Los problemas ambientales -- Los espacios urbanos -- Los espacios rurales -- Los intercambios comerciales 
653 |a Geografía 
653 |a Geografía mundial 
653 |a Biomas 
653 |a Espacios rurales 
653 |a Espacios urbanos 
859 |a CEMS  |b BIB. CEMS - 11 de abril  |h 330.9  |i P586  |p 25165.08  |t Ej.1